<?xml version="1.0" encoding="UTF-8"?>
<record
    xmlns:xsi="http://www.w3.org/2001/XMLSchema-instance"
    xsi:schemaLocation="http://www.loc.gov/MARC21/slim http://www.loc.gov/standards/marcxml/schema/MARC21slim.xsd"
    xmlns="http://www.loc.gov/MARC21/slim">

  <leader>01288nam a2200277 i 4500</leader>
  <controlfield tag="001">12676</controlfield>
  <controlfield tag="003">ES-MaACL</controlfield>
  <controlfield tag="005">20250830193304.0</controlfield>
  <controlfield tag="007">t|</controlfield>
  <controlfield tag="008">921013s1991    sp           ||||0| spa d</controlfield>
  <datafield tag="016" ind1="7" ind2=" ">
    <subfield code="z">SIC92007447</subfield>
  </datafield>
  <datafield tag="020" ind1=" " ind2=" ">
    <subfield code="a">84-7844-072-0</subfield>
  </datafield>
  <datafield tag="040" ind1=" " ind2=" ">
    <subfield code="a">SIC </subfield>
    <subfield code="b">spa </subfield>
    <subfield code="c">SIC</subfield>
  </datafield>
  <datafield tag="080" ind1=" " ind2=" ">
    <subfield code="a">930.85(8=6:460)</subfield>
  </datafield>
  <datafield tag="111" ind1="2" ind2=" ">
    <subfield code="a">Encuentro Internacional Quinto Centenario (</subfield>
    <subfield code="d">1990. </subfield>
    <subfield code="c">San Juan de Puerto Rico)</subfield>
    <subfield code="9">628</subfield>
  </datafield>
  <datafield tag="245" ind1="1" ind2="0">
    <subfield code="a">Impacto y futuro de la civilizaci&#xF3;n espa&#xF1;ola en el Nuevo Mundo </subfield>
    <subfield code="b">: actas del Encuentro Internacional Quinto Centenario, D&#xE9;cima Asamblea General de la Asociaci&#xF3;n de Licenciados y Doctores Espa&#xF1;oles en Estados Unidos, San Juan de Puerto Rico, 17-22 de abril de 1990 = Spanish Professionals in America, Inc.</subfield>
  </datafield>
  <datafield tag="260" ind1=" " ind2=" ">
    <subfield code="a">Madrid : </subfield>
    <subfield code="b">Sociedad Estatal Quinto Centenario, </subfield>
    <subfield code="c">D.L. 1991.</subfield>
  </datafield>
  <datafield tag="300" ind1=" " ind2=" ">
    <subfield code="a">660 p ; </subfield>
    <subfield code="c">24 cm.</subfield>
  </datafield>
  <datafield tag="490" ind1="1" ind2=" ">
    <subfield code="a">Colecci&#xF3;n Encuentros. Serie seminarios</subfield>
  </datafield>
  <datafield tag="651" ind1=" " ind2=" ">
    <subfield code="a">Am&#xE9;rica Latina-</subfield>
    <subfield code="x">Civilizaci&#xF3;n-</subfield>
    <subfield code="x">Influencia espa&#xF1;ola-</subfield>
    <subfield code="v">Congresos y asambleas.</subfield>
    <subfield code="9">7743</subfield>
  </datafield>
  <datafield tag="710" ind1="2" ind2=" ">
    <subfield code="a">Asociaci&#xF3;n de Licenciados y Doctores Espa&#xF1;oles en EE.UU. </subfield>
    <subfield code="9">1614</subfield>
  </datafield>
  <datafield tag="710" ind1="2" ind2=" ">
    <subfield code="a">Sociedad Estatal Quinto Centenario.</subfield>
    <subfield code="9">6765</subfield>
  </datafield>
  <datafield tag="830" ind1="0" ind2=" ">
    <subfield code="a">Colecci&#xF3;n Encuentros. Serie seminarios</subfield>
    <subfield code="9">228324</subfield>
  </datafield>
  <datafield tag="852" ind1=" " ind2=" ">
    <subfield code="a">ES-MaACL</subfield>
    <subfield code="j">L-20018 </subfield>
    <subfield code="b">R.121707</subfield>
  </datafield>
  <datafield tag="999" ind1=" " ind2=" ">
    <subfield code="c">12676</subfield>
    <subfield code="d">12676</subfield>
  </datafield>
  <datafield tag="952" ind1=" " ind2=" ">
    <subfield code="0">0</subfield>
    <subfield code="1">0</subfield>
    <subfield code="4">0</subfield>
    <subfield code="7">0</subfield>
    <subfield code="a">ATENEOM</subfield>
    <subfield code="b">ATENEOM</subfield>
    <subfield code="c">DEPO2</subfield>
    <subfield code="d">2008-01-17</subfield>
    <subfield code="e">SC</subfield>
    <subfield code="l">0</subfield>
    <subfield code="o">L-20018</subfield>
    <subfield code="p">1012913</subfield>
    <subfield code="r">2023-02-23 00:00:00</subfield>
    <subfield code="w">2023-02-23</subfield>
    <subfield code="y">MONOGRAFIA</subfield>
  </datafield>
</record>
